Станочные приспособления. Детали; Часть 9; ГОСТ 17773-72 Винты установочные с цилиндрической головкой. Конструкция и размеры; ГОСТ 17774-72 Пальцы установочные цилиндрические высокие. Конструкция и размеры; ГОСТ 17775-72 Пальцы установочные срезанные высокие. Конструкция и размеры; ГОСТ 17776-72 Пластины опорные к установочным пальцам. Конструкция и размеры; ГОСТ 17777-72 Шайбы опорные к установочным пальцам. Конструкция и размеры; ГОСТ 17778-72 Шайбы опорные. Конструкция и размеры; ГОСТ 12204-72 Ножки высокие. Конструкция и размеры; ГОСТ 17779-72 Рукоятки неподвижные. Конструкция и размеры

Bibliographic Details
Corporate Author: СССР Государственный комитет по стандартам (Госстандарт)
Language:Russian
Published: Москва, Издательство стандартов, 1982
Edition:Изд. официальное
TOC:ГОСТ 17773-72 Винты установочные с цилиндрической головкой. Конструкция и размеры;
ГОСТ 17774-72 Пальцы установочные цилиндрические высокие. Конструкция и размеры;
ГОСТ 17775-72 Пальцы установочные срезанные высокие. Конструкция и размеры;
ГОСТ 17776-72 Пластины опорные к установочным пальцам. Конструкция и размеры;
ГОСТ 17777-72 Шайбы опорные к установочным пальцам. Конструкция и размеры;
ГОСТ 17778-72 Шайбы опорные. Конструкция и размеры;
ГОСТ 12204-72 Ножки высокие. Конструкция и размеры;
ГОСТ 17779-72 Рукоятки неподвижные. Конструкция и размеры;
Series:Государственные стандарты
Subjects:
Format: Book
KOHA link:https://koha.lib.tpu.ru/cgi-bin/koha/opac-detail.pl?biblionumber=149886

MARC

LEADER 00000nam0a2200000 4500
001 149886
005 20231031150039.0
035 |a (RuTPU)RU\TPU\book\162497 
035 |a RU\TPU\book\162468 
090 |a 149886 
100 |a 20081223d1982 km y0rusy50 ca 
101 0 |a rus 
102 |a RU 
105 |a a l 000zy 
200 1 |a Станочные приспособления. Детали  |h Часть 9 
205 |a Изд. официальное 
210 |a Москва  |c Издательство стандартов  |d 1982 
215 |a 31 с.  |c ил. 
225 1 |a Государственные стандарты 
464 |t ГОСТ 17773-72 Винты установочные с цилиндрической головкой. Конструкция и размеры 
464 |t ГОСТ 17774-72 Пальцы установочные цилиндрические высокие. Конструкция и размеры 
464 |t ГОСТ 17775-72 Пальцы установочные срезанные высокие. Конструкция и размеры 
464 |t ГОСТ 17776-72 Пластины опорные к установочным пальцам. Конструкция и размеры 
464 |t ГОСТ 17777-72 Шайбы опорные к установочным пальцам. Конструкция и размеры 
464 |t ГОСТ 17778-72 Шайбы опорные. Конструкция и размеры 
464 |t ГОСТ 12204-72 Ножки высокие. Конструкция и размеры 
464 |t ГОСТ 17779-72 Рукоятки неподвижные. Конструкция и размеры 
610 1 |a ГОСТы 
610 1 |a конструкция 
610 1 |a размеры 
610 1 |a станочные приспособления 
610 1 |a детали 
610 1 |a винты 
610 1 |a пальцы 
610 1 |a пластины 
610 1 |a шайбы 
712 0 1 |a СССР  |b Государственный комитет по стандартам (Госстандарт)  |c (1978-1989)  |2 stltpush  |3 (RuTPU)RU\TPU\col\12454 
801 1 |a RU  |b 63413507  |c 20031205  |g PSBO 
801 2 |a RU  |b 63413507  |c 20221208  |g PSBO 
942 |c BK